000 00491nam a2200193Ia 4500
005 20250326141229.0
008 250326s9999 xx 000 0 und d
037 _aTextbook
040 _aFMSL
_beng
_cFMSL
041 _aeng
_2eng
084 _qFMSL
100 _aMahning G L
_9743983
245 0 _aSelling today
_cMahning G L; Reece B L
250 _aEd 8th
260 _aEnglewood
_bEnglewood, Prentice-Hall
_c1995
300 _a606p
942 _cTB
999 _c1289333
_d1289333